000 00377nam a22001697a 4500
003 OSt
005 20211006123811.0
008 211006b |||||||| |||| 00| 0 eng d
020 _a0073102148
040 _chu
082 _a302/soc
100 _akaren g duffy
_910012
245 _asocial psychology
260 _arussia
_bhall
_c2006
300 _a307
942 _2ddc
_cBOOKS
_n0
999 _c9990
_d9990